| 000 | 00558nam a22001577a 4500 | ||
|---|---|---|---|
| 003 | OSt | ||
| 008 | 260625b |||||||| |||| 00| 0 eng d | ||
| 020 | _a9788170196440 | ||
| 082 |
_a632.90954 _bA25R |
||
| 245 | _aRecent Trends in Plant Diseases Management/ edited by Sheela H.KChourasia...[et al.] | ||
| 260 |
_aDelhi : _bToday & Tomorrow Printers and Publishers, _c2019. |
||
| 300 | _a445 p. | ||
| 650 | _aTechnology (Applied Sciences) | Agriculture and Related Technologies | Plant Diseases | India | ||
| 700 | _aChourasia, Sheela H.K | ||
| 942 |
_2ddc _cBK |
||
| 999 |
_c52307 _d52307 |
||